Learning Resource and Development

Psychoanalytic diaries of the COVID-19 pandemic / (Record no. 27704)

MARC details
000 -LEADER
fixed length control field 02388cam a2200349 i 4500
003 - CONTROL NUMBER IDENTIFIER
control field CSPC
005 - DATE AND TIME OF LATEST TRANSACTION
control field 20240606152812.0
008 - FIXED-LENGTH DATA ELEMENTS--GENERAL INFORMATION
fixed length control field 240523s2022 enk b 001 0deng
010 ## - LIBRARY OF CONGRESS CONTROL NUMBER
LC control number 2021032716
020 ## - INTERNATIONAL STANDARD BOOK NUMBER
International Standard Book Number 9781032056913
Qualifying information (paperback)
040 ## - CATALOGING SOURCE
Original cataloging agency DLC
Language of cataloging eng
Description conventions rda
Transcribing agency DLC
Modifying agency CSPC
042 ## - AUTHENTICATION CODE
Authentication code pcc
050 00 - LIBRARY OF CONGRESS CALL NUMBER
Classification number RA644.C67
Item number G644 2022
082 00 - DEWEY DECIMAL CLASSIFICATION NUMBER
Edition number 23
Classification number 616.24140019
Item number G561p
100 1# - MAIN ENTRY--PERSONAL NAME
Personal name Goisis, Pietro Roberto,
Relator term author.
245 10 - TITLE STATEMENT
Title Psychoanalytic diaries of the COVID-19 pandemic /
Statement of responsibility, etc. Pietro Roberto Goisis and Angelo Antonio Moroni.
264 #1 - PRODUCTION, PUBLICATION, DISTRIBUTION, MANUFACTURE, AND COPYRIGHT NOTICE
Place of production, publication, distribution, manufacture Abingdon, Oxon :
Name of producer, publisher, distributor, manufacturer Routledge,
Date of production, publication, distribution, manufacture, or copyright notice 2022.
300 ## - PHYSICAL DESCRIPTION
Extent ix, 107 pages ;
Dimensions 24 cm
336 ## - CONTENT TYPE
Content type term text
Content type code txt
Source rdacontent
337 ## - MEDIA TYPE
Media type term unmediated
Media type code n
Source rdamedia
338 ## - CARRIER TYPE
Carrier type term volume
Carrier type code nc
Source rdacarrier
504 ## - BIBLIOGRAPHY, ETC. NOTE
Bibliography, etc. note Includes bibliographical references and index.
505 0# - FORMATTED CONTENTS NOTE
Formatted contents note Psychoanalytic diary in the lockdown -- Clinical diary of a psychoanalyst in the disease.
520 ## - SUMMARY, ETC.
Summary, etc. "This intimate book explores the experiences of two psychoanalysts during the COVID-19 pandemic. It presents Angelo Moroni's psychoanalytic diary and Pietro Roberto Goisis's clinical diary, two highly personal perspectives that explore the interplay of the personal and the psychoanalytic during a time of collective trauma. Angelo's account, written from his 'camp tent', examines how fundamental, time-tested procedures are suddenly questioned. Roberto's diary is the story of his own experience as a COVID patient, the mutually therapeutic caring relationships he encounters and his efforts to keep his analytical expertise alive and well. The two accounts share painful and graphic experiences of the trauma of the pandemic, and how the authors were forced to reconsider the issues of analytical 'asymmetry' and 'neutrality'. Psychoanalytic Diaries of the COVID-19 Pandemic will be of great interest to psychoanalysts in practice and in training, and to readers with an interest in clinical and personal accounts of the COVID-19 pandemic"--
Assigning source Provided by publisher.
650 #0 - SUBJECT ADDED ENTRY--TOPICAL TERM
Topical term or geographic name entry element COVID-19 (Disease)
General subdivision Psychological aspects.
650 #0 - SUBJECT ADDED ENTRY--TOPICAL TERM
Topical term or geographic name entry element COVID-19 (Disease)
Form subdivision Diaries.
650 #0 - SUBJECT ADDED ENTRY--TOPICAL TERM
Topical term or geographic name entry element Psychotherapy.
650 #0 - SUBJECT ADDED ENTRY--TOPICAL TERM
Topical term or geographic name entry element Psychoanalists
Geographic subdivision Italy
Form subdivision Biography.
700 1# - ADDED ENTRY--PERSONAL NAME
Personal name Moroni, Angelo Antonio,
Relator term author.
942 ## - ADDED ENTRY ELEMENTS (KOHA)
Source of classification or shelving scheme Dewey Decimal Classification
Koha item type Books
Classification part 616.24140019
Item part G561p
Call number prefix CIR
Call number suffix 2022
Suppress in OPAC No
Holdings
Withdrawn status Lost status Source of classification or shelving scheme Damaged status Not for loan Home library Current library Shelving location Date acquired Total Checkouts Full call number Barcode Date last seen Copy number Price effective from Koha item type
    Dewey Decimal Classification     Main Library Main Library Circulation Section 05/23/2024   CIR 616.24140019 G561p 2022 027781 05/23/2024 1-1 05/23/2024 Books